• 首页
  • 本馆介绍
  • 公告通知
  • 最新文献
  • 馆藏检索
  • 电子资源
  • 读者导购
  • 参考咨询
  • 我的图书馆
  • 登录
  • 详细信息显示
  • 放入我的书架
  • 预约/预借图书
  • 作者相关作品
  • 分类相关作品
  • 丛书相关作品
  • 出版社相关作品

书目信息

  • 表格格式
  • 工作单格式
  • 卡片格式
题名:
万用表妙用100例
    
 
作者: 沙占友 编著
分册:  
出版信息: 北京   电子工业出版社  1984
页数: 219页
开本: 21cm
丛书名:
单 册:
中图分类: TM938.1
科图分类:
主题词: 电工仪表--综合式测量仪表
电子资源:
ISBN: 7-5053-0489-5
000 00627nam0 2200217 45
001 0184016665
005 20041119091015.4
010    @dCNY2.85@a7-5053-0489-5
100    @a19950314d1984 em y0chiy0121 ea
101 0  @achi
102    @aCN@b110000
105    @ay z 000yy
200 10 @a万用表妙用100例@Awan yong biao miao yong100 li@f沙占友编著@FSha Zhan You Bian Zhu
210    @a北京@c电子工业出版社@d1984
215    @a219页@d21cm
606    @a电工仪表@x综合式测量仪表
690    @aTM938.1@v3
701  0 @a沙占友@4编著
801  0 @aCN@b上海图书馆@c20040521
801  2 @aCN@bNLC@c20040521
905    @dTM938.1@e29@f1@b249465
    
    万用表妙用100例/沙占友编著.-北京:电子工业出版社,1984
    219页;21cm
    
    
    ISBN 7-5053-0489-5:CNY2.85
    
●
相关链接 在E读中查询图书 在五车中查询图书 在当当中查询图书 在豆瓣中查询图书


正题名:万用表妙用100例     索取号:TM938.1/29         预约/预借

序号 登录号 条形码 馆藏地/架位号 状态 备注
1 0249465   001346608   第三借阅区/ [索取号:TM938.1/29] 在馆    
唐山师范学院图书馆 欢迎您!
大连网信软件有限公司© 版权所有